000
00211 a2200097 4500
001
30728
100
_a
Hunter, E
245
_a
The story of Science
260
_a
England
_b
Ladybird Bks
_c
090
_c
20660
_d
20660
942
_a
NUST-CAE
_c
M
_c
11848
999
_c
265801
_d
265801